Protective relays: Their theory and practice. V 2 (Record no. 38466)

MARC details
000 -LEADER
fixed length control field 00351nam a2200133Ia 4500
082 ## - DEWEY DECIMAL CLASSIFICATION NUMBER
Classification number 621.316.925
Item number WAR.2
100 ## - MAIN ENTRY--AUTHOR NAME
Personal name A R Van C
245 #0 - TITLE STATEMENT
Title Protective relays: Their theory and practice. V 2
250 ## - EDITION STATEMENT
Edition statement 3
260 ## - PUBLICATION, DISTRIBUTION, ETC. (IMPRINT)
Place of publication London
Name of publisher Chapman & Hall
Year of publication 1969
650 ## - SUBJECT ADDED ENTRY--TOPICAL TERM
Topical Term Protective relays
942 ## - ADDED ENTRY ELEMENTS (KOHA)
Koha item type Books
Holdings
Withdrawn status Lost status Damaged status Not for loan Home library Current library Date acquired Cost, normal purchase price Full call number Accession Number Koha item type
        RRII Library RRII Library 16/12/2021 17.50 621.316.925 WAR.2 18823 Books